Statistics for SAT Words HARD Click Quiz - V

Click here to take the quiz!

General Stats

  • This quiz has been taken 107 times
  • The average score is 11 of 15

Answer Stats

HintAnswer% Correct
Study of mapsVexillology
91%
Short, impressionistic sceneVignette
89%
Experienced through the actions of anotherVicarious
87%
Cattle wrangler; cowboyVaquero
86%
Poisonous, deadlyVirulent
77%
Enthusiasm and vitalityVerve
73%
Sticky, adhesiveViscid
73%
Occurring in the eveningVespertine
70%
A change in circumstances or fortunesVicissitude
66%
Devout follower; devoteeVotary
65%
Provide as a privilege; grantVouchsafe
65%
Small cavity in a rock or mineralVug
58%
The act of flying or soaringVolitation
56%
Enclosure for birds; large birdcageVolary
54%
Relating to prophecy; oracularVatic
44%

Score Distribution

Percentile by Number Answered

Percent of People with Each Score

Your Score History

You have not taken this quiz